[Event "Slav Thematic"]
[Site "SchemingMind.com"]
[Date "2020.06.10"]
[Round "-"]
[White "The Stonewall"]
[Black "John Hamer"]
[Result "1-0"]
[WhiteCountry "ENG"]
[BlackCountry "ENG"]
[WhiteElo "2427"]
[WhiteRD "86"]
[BlackElo "1964"]
[BlackRD "58"]
[GameID "456167"]

1. d4 d5 2. c4 c6 3. Nf3 Nf6 4. e3 Bf5 5. Nc3 e6 6. Nh4 Bg6 7. Nxg6 hxg6 8. Bd2 Nbd7 9. Qc2 Bd6 10. h3 O-O
11. Be2 c5 12. dxc5 Nxc5 13. cxd5 exd5 14. O-O Rc8 15. Rfd1 Re8 16. Bf3 Be5 17. Rab1 Ne6 18. Qb3 d4 19. Nd5 Nc5 20. Nxf6+ Bxf6
21. Qb4 b6 22. Rbc1 Ne6 23. Bg4 Rxc1 24. Bxc1 Qc7 25. Qa4 Re7 26. Bxe6 Rxe6 27. exd4 Re2 28. d5 Bd4 29. Qxd4
1-0

[Event "Slav Thematic"]
[Site "SchemingMind.com"]
[Date "2020.06.07"]
[Round "-"]
[White "John Hamer"]
[Black "The Stonewall"]
[Result "1/2-1/2"]
[WhiteCountry "ENG"]
[BlackCountry "ENG"]
[WhiteElo "1921"]
[WhiteRD "61"]
[BlackElo "2422"]
[BlackRD "87"]
[GameID "456168"]

1. d4 d5 2. c4 c6 3. Nf3 Nf6 4. Qc2 dxc4 5. Qxc4 Bg4 6. Nc3 Nbd7 7. e4 e5 8. dxe5 Bxf3 9. gxf3 Nxe5 10. Qe2 Bc5
11. Bd2 Nh5 12. f4 Qxd2+ 13. Kxd2 Nxf4 14. Qd1 O-O-O+ 15. Nd5 cxd5 16. Qc2 dxe4+ 17. Kc1 Ned3+ 18. Bxd3 Nxd3+ 19. Kb1 Kb8 20. Rd1 Bxf2
21. a4 Rd6 22. Ra3 Rhd8 23. Qe2 f5 24. Qh5 f4 25. Qxh7= g6 26. a5 a6 27. Qe7 e3 28. Rc3 f3 29. Qc7+ Ka8 30. Rdxd3 Rxd3
31. Rxd3 Rxd3=
1/2-1/2

[Event "Slav Thematic"]
[Site "SchemingMind.com"]
[Date "2020.06.09"]
[Round "-"]
[White "The Stonewall"]
[Black "ray winteringham"]
[Result "1-0"]
[WhiteCountry "ENG"]
[BlackCountry "ENG"]
[WhiteElo "2422"]
[WhiteRD "87"]
[BlackElo "1475"]
[BlackRD "50"]
[GameID "456169"]

1. d4 d5 2. c4 c6 3. cxd5 cxd5 4. Nc3 e6 5. Bf4 Bd6 6. Bxd6 Qxd6 7. Nf3 h6 8. Rc1 Nf6 9. Nxd5 O-O 10. Nc7 Nc6
11. Nxa8 b6 12. e3 Bb7 13. Nxb6 axb6 14. a3 Ne7 15. Bd3 Nfd5 16. O-O f5 17. Qe2 g5 18. Ne5 f4 19. Qh5 Kg7 20. Ng4 Ng8
21. Qg6+ Kh8 22. Qh7#
1-0

[Event "Slav Thematic"]
[Site "SchemingMind.com"]
[Date "2020.06.08"]
[Round "-"]
[White "ray winteringham"]
[Black "The Stonewall"]
[Result "0-1"]
[WhiteCountry "ENG"]
[BlackCountry "ENG"]
[WhiteElo "1475"]
[WhiteRD "50"]
[BlackElo "2422"]
[BlackRD "87"]
[GameID "456170"]

1. d4 d5 2. c4 c6 3. c5 e5 4. b4 a5 5. Bd2 exd4 6. Bf4 axb4 7. Qxd4 Na6 8. Bd6 Qa5 9. Bxf8 Kxf8 10. Qd2 Nxc5
11. e3 Ne4 12. Qd1 b3+ 13. Ke2 b2 14. f3 bxa1=Q
0-1

[Event "Slav Thematic"]
[Site "SchemingMind.com"]
[Date "2020.06.09"]
[Round "-"]
[White "The Stonewall"]
[Black "Chessibelle"]
[Result "1-0"]
[WhiteCountry "ENG"]
[BlackCountry "ENG"]
[WhiteElo "2422"]
[WhiteRD "87"]
[BlackElo "1078"]
[BlackRD "51"]
[GameID "456171"]

1. d4 d5 2. c4 c6 3. cxd5 cxd5 4. Nc3 Nf6 5. Bf4 a6 6. e3 Bd7 7. Bd3 g6 8. h3 Bg7 9. Nf3 O-O 10. O-O Bc6
11. Ne5 Be8 12. Qb3 Ra7 13. Rac1 e6 14. a3 b6 15. Rc2 Nc6 16. Rfc1 Rb7 17. Bxa6 Rb8 18. Nxc6 Bxc6 19. Bxb8 Qxb8 20. Bb5 Bb7
21. Na4 Ne4 22. Nxb6 Bf6 23. Nd7 Qd6 24. Nxf8 Kxf8 25. Bd3 Ng5 26. Qxb7 Kg7 27. Rc6 Qf8 28. f4 Ne4 29. Bxe4 dxe4 30. Rxe6 h5
31. Ra6 Kh6 32. Rxf6
1-0

[Event "Slav Thematic"]
[Site "SchemingMind.com"]
[Date "2020.06.07"]
[Round "-"]
[White "Chessibelle"]
[Black "The Stonewall"]
[Result "0-1"]
[WhiteCountry "ENG"]
[BlackCountry "ENG"]
[WhiteElo "1078"]
[WhiteRD "51"]
[BlackElo "2422"]
[BlackRD "87"]
[GameID "456172"]

1. d4 d5 2. c4 c6 3. Bd2 Nf6 4. e3 e6 5. Nf3 Nbd7 6. Be2 Bd6 7. O-O O-O 8. Bc3 Ne4 9. Bd3 f5 10. Be1 b6
11. b3 Bb7 12. Nc3 g5 13. h3 Qe7 14. Nd2 Nxc3 15. g4 Nxd1
0-1

[Event "Slav Thematic"]
[Site "SchemingMind.com"]
[Date "2020.06.09"]
[Round "-"]
[White "The Stonewall"]
[Black "dmlowrey"]
[Result "1-0"]
[WhiteCountry "ENG"]
[BlackCountry "USA"]
[WhiteElo "2427"]
[WhiteRD "86"]
[BlackElo "1577"]
[BlackRD "76"]
[GameID "456173"]

1. d4 d5 2. c4 c6 3. Nf3 Nf6 4. e3 Bf5 5. Nc3 dxc4 6. Bxc4 b5 7. Bb3 e6 8. O-O Bb4 9. a4 bxa4 10. Rxa4 Bxc3
11. bxc3 O-O 12. Ra1 Nbd7 13. Nh4 Be4 14. f3 Bd5 15. c4 Ne8 16. cxd5 Qxh4 17. dxe6 fxe6 18. Bxe6+ Kh8 19. Bxd7 Rf6 20. Qa4 Rh6
21. Bxc6 Qxh2+ 22. Kf2 Qh4+ 23. Ke2 Rxc6 24. Qxc6 Qd8 25. Qc5 Nf6 26. Rxa7 Rc8 27. Qf5 h6 28. Bd2 Rc2 29. Qxc2 Qb8 30. Qa4 Qb2
31. Qa6 Kh7 32. Qxf6 Qb5+ 33. Kf2 Qg5 34. Qxg5 hxg5 35. Rh1+ Kg6 36. d5
1-0

[Event "Slav Thematic"]
[Site "SchemingMind.com"]
[Date "2020.06.08"]
[Round "-"]
[White "dmlowrey"]
[Black "The Stonewall"]
[Result "0-1"]
[WhiteCountry "USA"]
[BlackCountry "ENG"]
[WhiteElo "1577"]
[WhiteRD "76"]
[BlackElo "2427"]
[BlackRD "86"]
[GameID "456174"]

1. d4 d5 2. c4 c6 3. Nc3 e6 4. Nf3 dxc4 5. e3 b5 6. a4 Bb4 7. Bd2 a5 8. axb5 Bxc3 9. Bxc3 cxb5 10. Be2 Nf6
11. Qd2 Bb7 12. O-O b4 13. Bxb4 Ne4 14. Qc2 axb4 15. Qxc4 Qb6 16. Rxa8 Bxa8 17. Qc8+ Qd8 18. Qxd8+ Kxd8 19. Ra1 Bb7 20. Ne5 Nd6
21. Ra7 Kc7 22. Ra4 Nc6 23. Nxc6 Bxc6 24. Rxb4 Ra8 25. h3 Ra1+ 26. Kh2 Re1 27. Bh5 Rf1 28. Kg3 Nf5+ 29. Kh2 Rxf2 30. Bxf7 Rxg2+
31. Kh1 Rxb2+ 32. Kg1 Rxb4 33. Bxe6 Nxe3
0-1

[Event "Slav Thematic"]
[Site "SchemingMind.com"]
[Date "2020.06.12"]
[Round "-"]
[White "The Stonewall"]
[Black "Wojtek26"]
[Result "1-0"]
[WhiteCountry "ENG"]
[BlackCountry "POL"]
[WhiteElo "2422"]
[WhiteRD "87"]
[BlackElo "1696"]
[BlackRD "60"]
[GameID "456175"]

1. d4 d5 2. c4 c6 3. Nf3 Nf6 4. Nc3 e6 5. Qb3 dxc4 6. Qxc4 Be7 7. g3 Bd7 8. Bg2 O-O 9. O-O h6 10. Rd1 a5
11. e4 b5 12. Qe2 Na6 13. Ne5 Bc8 14. Nxc6 Qc7 15. e5 Ne8 16. Nxe7+
1-0

[Event "Slav Thematic"]
[Site "SchemingMind.com"]
[Date "2020.06.08"]
[Round "-"]
[White "Wojtek26"]
[Black "The Stonewall"]
[Result "0-1"]
[WhiteCountry "POL"]
[BlackCountry "ENG"]
[WhiteElo "1696"]
[WhiteRD "60"]
[BlackElo "2422"]
[BlackRD "87"]
[GameID "456176"]

1. d4 d5 2. c4 c6 3. e3 Nf6 4. Nf3 Bg4 5. Nbd2 e6 6. a3 Bd6 7. c5 Bc7 8. b4 Nbd7 9. h3 Bh5 10. Be2 O-O
11. Bb2 Qe7 12. O-O Rfe8 13. Nh2 Bxe2 14. Qxe2 e5 15. dxe5 Nxe5 16. Nhf3 Ng6 17. Nb3 Ne4 18. Nfd2 f5 19. Nxe4 fxe4 20. Nd4 Ne5
21. Nf5 Qe6 22. Nd4 Qg6 23. Kh1 Re7 24. Rad1 Rf8 25. b5 Nd3 26. bxc6 bxc6 27. Nxc6 Qxc6
0-1

[Event "Slav Thematic"]
[Site "SchemingMind.com"]
[Date "2020.06.09"]
[Round "-"]
[White "The Stonewall"]
[Black "David Connolly"]
[Result "1-0"]
[WhiteCountry "ENG"]
[BlackCountry "WLS"]
[WhiteElo "2477"]
[WhiteRD "82"]
[BlackElo "2051"]
[BlackRD "72"]
[GameID "456177"]

1. d4 d5 2. c4 c6 3. Nf3 Nf6 4. e3 Bf5 5. Nc3 e6 6. Nh4 Be4 7. f3 Bg6 8. Qb3 Qc7 9. Bd2 Be7 10. Nxg6 hxg6
11. g3 a6 12. Be2 dxc4 13. Qxc4 b5 14. Qb3 Nbd7 15. O-O c5 16. Rfd1 Bd6 17. Be1 b4 18. Na4 cxd4 19. Rac1 Qb8 20. Rxd4 a5
21. Kg2 O-O 22. Qd1 Be5 23. Rxd7 Nxd7 24. Qxd7 Rd8 25. Qb5 Qxb5 26. Bxb5 Rac8 27. Bc4 Rc7 28. h4 Rdc8 29. b3 Rd8 30. f4 Bf6
31. Kf3 Rcd7 32. Be2 Rd6 33. Rc5 Ra8 34. Rc7 Kf8 35. Rb7
1-0

[Event "Slav Thematic"]
[Site "SchemingMind.com"]
[Date "2020.06.08"]
[Round "-"]
[White "David Connolly"]
[Black "The Stonewall"]
[Result "1/2-1/2"]
[WhiteCountry "WLS"]
[BlackCountry "ENG"]
[WhiteElo "2119"]
[WhiteRD "78"]
[BlackElo "2427"]
[BlackRD "86"]
[GameID "456178"]

1. d4 d5 2. c4 c6 3. Nf3 Nf6 4. Nc3 dxc4 5. a4 Bf5 6. e3 e6 7. Bxc4 Bb4 8. O-O Nbd7 9. Qe2 Bg6 10. e4 O-O
11. Bd3 Bh5 12. e5 Nd5 13. Nxd5 cxd5 14. Qe3 Be7 15. Ng5 Bxg5 16. Qxg5 Bg6 17. Be2 Nb8 18. Qxd8 Rxd8 19. Bd2 Nc6 20. Bc3 Rac8
21. a5 Rc7 22. Ra3 Rdc8 23. Re1=
1/2-1/2